000 00629nam a2200253Ia 4500
008 210210b2017 xxu||||| |||| 00| 0 eng d
020 _a9780199474592
041 _aeng
082 _a305.0954 GURC
100 _aGURU (Gopal)
245 _aCracked mirror:an Indian debate on experience and theory
260 _aNew Delhi
_bOxford University Press
_c2017
300 _aviii,248
650 _atheory
650 _aon
650 _amirror:an
650 _aIndian
650 _aexperience
650 _adebate
650 _aCracked
690 _aSocial Structure
700 _aSARUKKAI (Sundar)
906 _a074373
999 _c124281
_d124281